Statistics for Countries that Border Each Other #2

Click here to take the quiz!

General Stats

  • This quiz has been taken 26 times
    (23 since last reset)
  • The average score is 14 of 15

Answer Stats

HintAnswer% Correct
AAustria
100%
HHungary
100%
OOman
100%
SSlovenia/Slovakia
100%
SSaudi Arabia
95%
UUnited Arab Emirates
95%
CChina
90%
NNorth Korea
90%
RRussia
90%
NNiger
86%
NNigeria
86%
BBelize
81%
BBenin
81%
GGuatemala
81%
MMexico
81%

Score Distribution

Percentile by Number Answered

Percent of People with Each Score

Your Score History

You have not taken this quiz since the last reset